Missing Word: Sports Misconceptions Quiz Stats

 Plays Quiz Updated Jul 30, 2019

Score 0/20 Timer 08:00
0 Plays Today
Misconception Missing Word % Correct
A black ____ indicates mastery in a martial arts practice.belt
96.7%
Olympic athletes are given ______ made of gold.medals
96.2%
Virtually all ice hockey players are from ______.Canada
96.1%
Professional ________ is fake and the fights are staged.wrestling
96%
Michael Jordan was _________ from playing in the NBA for one year.suspended
93.7%
Most baseball players often use illegal ________ to improve their performance.steroids
93.3%
Steve Nash was ____ in Canada.born
93.2%
Gladiator fights were to the _____.death
92%
Jackie Robinson was the first _______ American to play Major League Baseball.African
90.7%
Only ____ turns are made in autoraces.left
90.2%
Misconception Missing Word % Correct
Jimmy Hoffa was buried under Giants _______.Stadium
89.8%
The NFL is ___ exempt and non-profit.tax
88.7%
Abner Doubleday wrote the _____ of baseball while in Cooperstown, New York.rules
88.7%
_______ worn by NFL players increase the possibility of injury.Helmets
88.5%
The United States won gold for The Miracle on ___.Ice
86.6%
Kobe Bryant was _______ by the Lakers straight out of high school.drafted
86.1%
Athletes are only in danger of __________ if they are struck in the head.concussions
83.7%
The name of ____ originated from the phrase 'Gentlemen Only, Ladies Forbidden.'golf
81.9%
_____ union and _____ league are the same sport.rugby
51.2%
A sports game caused a war to break out in 1969 between _______ and El Salvador.Honduras
45.2%

Today's Daily Dose

You're not logged in!

Compare scores with friends on all Sporcle quizzes.
OR
Log In

Sporcle TV

Today on Sporcle TV


Watch our educational content, quiz creation guides, and fun videos on Sporcle TV.

Show Comments

Extras

Top Quizzes Today


Score Distribution

Your Account Isn't Verified!

In order to create a playlist on Sporcle, you need to verify the email address you used during registration. Go to your Sporcle Settings to finish the process.

Report this User

Report this user for behavior that violates our Community Guidelines.

Details: